000 00896nas a2200289 4500
001 BR0204005
003 BR-BrBNA
005 20231205103149.0
007 ta
008 230509b bl.|||p| |||| 00| 00por d
040 _aBR-BrBNA
_bpor
_cBiblioteca Nacional de Agricultura
041 _a(Pt)
072 _aL73; L53
100 1 _aDomingues, P.F.
100 1 _aLangoni, H.
100 1 _aPadovani, C.R.
245 1 _aRelação entre mastite e estágio de lactação, idade, retenção de placenta e metrite em vacas leiteiras
650 _aGADO LEITEIRO
650 _aMAMITE
650 _aMETRITE
650 _aLACTAÇÃO
650 _aIDADE
650 _aRETENÇÃO DE PLACENTA
773 0 _tRevista Brasileira de Medicina Veterinária (Brazil)
_xISSN 0100-2430
_g(Jan-Feb 2002), v.v. 24(1) p. 22-26
_wBR0204005
909 _a202311
_bLúcia
_c55
_dLúcia Elande
942 _2AGRIS
_n0
_cANA
999 _c171424
_d171424